000
00299nam a2200121Ia 4500
008
191201s2001 xx 000 0 und d
100
_a
BHALLA,V K
245
0
_a
International Business Environment and Management
260
_a
N. Delhi
_b
Anmol
_c
2001
300
_a
966
650
_a
MBA
942
_2
ddc
_c
BK
999
_c
169
_d
169